Propuesta de manual de cargos y funciones para la gasolinera Gas Central
El estudio consiste en un manual que permite tener control de muchos procesos administrativos dentro de la empresa, ayuda en gran manera a la hora de selección de nuevo personal para elegir al candidato que cumpla o se acerque más a los requerimientos necesarios para el desarrollo de cada puesto...
| Main Authors: | , , |
|---|---|
| Other Authors: | |
| Format: | Tesis Section = Libro |
| Language: | Undetermined Spanish |
| Published: |
Managua
UNI
2022
|
| Subjects: |
| LEADER | 01251nam a2200277Ia 4500 | ||
|---|---|---|---|
| 008 | 240830s9999 xx 000 0 und d | ||
| 040 | |a BIBLIOTECA-RUPAP/ Mon 658.402 A694 | ||
| 041 | |a spa | ||
| 082 | |a Mon 658.402 A694 | ||
| 100 | 1 | |a Arguello Monroe, Adonis Alexei | |
| 100 | 1 | |b Vallejos Ubeda, Alexander José | |
| 100 | 1 | |c Úbeda Arauz, Harvey Alejandro | |
| 245 | 1 | 0 | |a Propuesta de manual de cargos y funciones para la gasolinera Gas Central |
| 260 | |a Managua |b UNI |c 2022 | ||
| 300 | |a 67 p. :il. | ||
| 500 | |a Contiene: anexos y CD. | ||
| 502 | |a Tesis (Ingeniero Industrial) - UNI, 2022. | ||
| 520 | 3 | |a El estudio consiste en un manual que permite tener control de muchos procesos administrativos dentro de la empresa, ayuda en gran manera a la hora de selección de nuevo personal para elegir al candidato que cumpla o se acerque más a los requerimientos necesarios para el desarrollo de cada puesto de trabajo. Así como evaluar el desempeño de cada individuo. | |
| 650 | 7 | |a ESTRUCTURA ORGANIZACIONAL | |
| 650 | 7 | |b MANUAL DE PROCEDIMIENTO | |
| 650 | 7 | |c DESCRIPCION DE PUESTO DE TRABAJO. | |
| 650 | 7 | |d MANUAL DE FUNCIONES | |
| 700 | 1 | |a Tutor: |b Áreas Suárez, Juan Carlos | |
| 942 | |c BK |2 ddc | ||
| 991 | |a TESIS | ||
| 999 | |c 19132 | ||